[Event "Biel ATO 57th"]
[Site "Biel"]
[Date "2024.07.25"]
[Round "9"]
[White "Schneuwly, Achim"]
[Black "Akhmediyar, Yernur"]
[Result "1/2-1/2"]
[WhiteElo "1933"]
[BlackElo "1751"]
[PlyCount "243"]
[EventDate "2024.07.16"]
[EventType "swiss"]
[EventRounds "9"]
[EventCountry "SUI"]
[SourceTitle "EXT 2025"]
[Source "ChessBase"]
[SourceDate "2024.10.14"]
[SourceVersion "1"]
[SourceVersionDate "2024.10.14"]
[SourceQuality "1"]

1. d4 Nf6 2. Nf3 e6 3. Nbd2 d5 4. e3 c5 5. c3 Nc6 6. Bd3 Bd6 7. 0-0 0-0 8. Qe2 Re8 9. dxc5 Bxc5 10. e4 e5 11. exd5 Nxd5 12. Ne4 Bf8 13. Rd1 Qc7 14. Neg5 Nf6 15. Bc4 Re7 16. h3 e4 17. Nd4 Na5 18. Bxf7+ Rxf7 19. Nxf7 Qxf7 20. Bg5 Qg6 21. Qb5 e3 22. Bxf6 exf2+ 23. Kxf2 Qxf6+ 24. Kg1 Nc6 25. Qc4+ Qf7 26. Qxf7+ Kxf7 27. Rf1+ Kg8 28. Nb5 b6 29. Rad1 a6 30. Nd6 Be6 31. b3 Rd8 32. Ne4 Rc8 33. Ng5 Re8 34. Rxf8+ Kxf8 35. Rd6 Bf5 36. Rxc6 h6 37. Nf3 Re6 38. Rxe6 Bxe6 39. Kf2 Ke7 40. Ke3 Kd6 41. Kd4 g5 42. c4 Bc8 43. b4 Bb7 44. a3 Bc6 45. Ne1 h5 46. g3 h4 47. gxh4 gxh4 48. Nd3 Bd7 49. Nf4 a5 50. Ke4 axb4 51. axb4 Bc8 52. Kd4 Bd7 53. Ke4 Bc8 54. Kd4 Bd7 55. Ng6 Bxh3 56. Nxh4 Bg4 57. Ng6 Bf3 58. Ne5 Bg2 59. Nf7+ Kc7 60. Ke5 Bf3 61. Nd6 Bg2 62. Nb5+ Kc6 63. Nc3 Bf1 64. Kd4 Bg2 65. Ne2 Kc7 66. Nf4 Bf3 67. Ke5 Kc6 68. Ne6 Bg2 69. Nd4+ Kc7 70. Ne6+ Kc6 71. Nf4 Bf3 72. Kd4 Kc7 73. Nd3 Bg2 74. Ke5 Kc6 75. b5+ Kc7 76. Nf4 Bf1 77. Kd5 Kd7 78. Ng6 Bg2+ 79. Ke5 Bf3 80. Nf8+ Kc7 81. Ne6+ Kb7 82. Nf4 Kc7 83. Nd5+ Kb7 84. Kd6 Be2 85. Ne3 Bd3 86. Kd7 Be2 87. Kd8 Bd3 88. Kd7 Be2 89. Kd8 Bd3 90. Ke7 Kc7 91. Ke6 Be2 92. Nd5+ Kb7 93. Ne3 Kc7 94. Ke7 Bd3 95. Ke6 Be2 96. Kd5 Bd3 97. Ng4 Be2 98. Ne5 Bf1 99. Ng6 Bg2+ 100. Ke6 Bf1 101. Kd5 Be2 102. Nf4 Bf3+ 103. Ke6 Bg4+ 104. Ke7 Bf3 105. Nd5+ Kb7 106. Nf6 Be2 107. Ne8 Bd3 108. Kd8 Be2 109. Nd6+ Kb8 110. Kd7 Bf3 111. Ne8 Be2 112. Nd6 Bf3 113. Nf7 Be2 114. Ne5 Kb7 115. Nf7 Bf3 116. Nd8+ Kb8 117. Nc6+ Kb7 118. Ne5 Be2 119. Kd6 Bf1 120. Kd7 Be2 121. Kd6 Bf1 122. Kd7 1/2-1/2

[Event "Biel ATO 57th"]
[Site "Biel"]
[Date "2024.07.24"]
[Round "8"]
[White "Mohr, Jan"]
[Black "Schneuwly, Achim"]
[Result "0-1"]
[WhiteElo "1824"]
[BlackElo "1933"]
[PlyCount "72"]
[EventDate "2024.07.16"]
[EventType "swiss"]
[EventRounds "9"]
[EventCountry "SUI"]
[SourceTitle "EXT 2025"]
[Source "ChessBase"]
[SourceDate "2024.10.14"]
[SourceVersion "1"]
[SourceVersionDate "2024.10.14"]
[SourceQuality "1"]

1. d4 c5 2. d5 e6 3. c4 exd5 4. cxd5 d6 5. Nc3 Ne7 6. e4 Ng6 7. h3 Be7 8. Bb5+ Bd7 9. Bxd7+ Nxd7 10. Nf3 0-0 11. 0-0 Bf6 12. Bd2 Re8 13. Qc2 a6 14. a4 Rb8 15. a5 b5 16. axb6 Rxb6 17. Ra2 Qb8 18. Rfa1 Rb4 19. Re1 Rb3 20. Rxa6 Rxb2 21. Qd3 Nde5 22. Nxe5 Nxe5 23. Qe2 c4 24. Rea1 Nd3 25. Nd1 Rc2 26. Ne3 Bxa1 27. Nxc2 Qb1+ 28. Be1 Bc3 29. Kf1 f5 30. f3 fxe4 31. Rxd6 Nxe1 32. Nxe1 Bxe1 33. Qxe1 Qd3+ 34. Qe2 exf3 35. Qxd3 fxg2+ 36. Kxg2 cxd3 0-1

[Event "Biel ATO 57th"]
[Site "Biel"]
[Date "2024.07.16"]
[Round "1"]
[White "Schneuwly, Achim"]
[Black "Pavlov, Myroslav"]
[Result "1-0"]
[WhiteElo "1933"]
[BlackElo "1728"]
[PlyCount "63"]
[EventDate "2024.07.16"]
[EventType "swiss"]
[EventRounds "9"]
[EventCountry "SUI"]
[SourceTitle "EXT 2025"]
[Source "ChessBase"]
[SourceDate "2024.10.14"]
[SourceVersion "1"]
[SourceVersionDate "2024.10.14"]
[SourceQuality "1"]

1. d4 Nf6 2. Nf3 g6 3. c4 Bg7 4. Nc3 d6 5. e4 e5 6. dxe5 dxe5 7. Qxd8+ Kxd8 8. Bg5 Nbd7 9. 0-0-0 Re8 10. Nd5 Re6 11. c5 c6 12. Nxf6 Bxf6 13. Be3 Kc7 14. Bc4 Re7 15. Rd6 b6 16. Rhd1 Bg7 17. b4 a5 18. b5 Bb7 19. bxc6 Bxc6 20. Rxc6+ Kxc6 21. Bd5+ Kb5 22. Bxa8 bxc5 23. a4+ Kb4 24. Bc6 Nb6 25. Kc2 Nxa4 26. Rb1+ Ka3 27. Bc1+ Nb2 28. Bxb2+ Kb4 29. Bc3+ Ka3 30. Rb3+ Ka2 31. Bb2 Rb7 32. Ra3# 1-0

[Event "Burgdorf op 19th"]
[Site "Burgdorf"]
[Date "2020.02.16"]
[Round "5"]
[White "Schneuwly, Achim"]
[Black "Sutter, Oliver"]
[Result "0-1"]
[WhiteElo "2040"]
[BlackElo "2350"]
[PlyCount "68"]
[EventDate "2020.02.14"]
[EventType "swiss"]
[EventRounds "5"]
[EventCountry "SUI"]
[SourceTitle "CBM 194 Extra"]
[Source "ChessBase"]
[SourceDate "2020.03.31"]
[SourceVersion "1"]
[SourceVersionDate "2020.03.31"]
[SourceQuality "1"]

1. d4 Nf6 2. Nf3 c5 3. e3 g6 4. Be2 Bg7 5. 0-0 0-0 6. c3 d6 7. Nbd2 Nc6 8. Qc2 cxd4 9. Nxd4 Bd7 10. Bf3 Rc8 11. Nxc6 Bxc6 12. Rd1 b5 13. Qb3 Qb6 14. a4 a6 15. axb5 Bxf3 16. Nxf3 axb5 17. Ra4 Rb8 18. Rb4 Rfc8 19. Nd4 Rc5 20. c4 Nd7 21. Rxb5 Rxb5 22. Nxb5 Ne5 23. Rd5 e6 24. Rd1 d5 25. cxd5 Qxb5 26. Qxb5 Rxb5 27. f4 Nc4 28. d6 Rd5 29. Rxd5 exd5 30. d7 Bf6 31. Kf2 Nb6 32. e4 dxe4 33. Ke3 Nxd7 34. Kxe4 Nc5+ 0-1

[Event "Biel ATO op 52nd"]
[Site "Biel"]
[Date "2019.07.26"]
[Round "5"]
[White "Altok, Mesut"]
[Black "Schneuwly, Achim"]
[Result "0-1"]
[WhiteElo "1825"]
[BlackElo "1984"]
[PlyCount "78"]
[EventDate "2019.07.20"]
[EventType "swiss"]
[EventRounds "9"]
[EventCountry "SUI"]
[SourceTitle "EXT 2020"]
[Source "ChessBase"]
[SourceDate "2019.10.17"]
[SourceVersion "1"]
[SourceVersionDate "2019.10.17"]
[SourceQuality "1"]

1. e4 c5 2. Nf3 e6 3. Bd3 Nc6 4. c3 Nf6 5. 0-0 d5 6. exd5 Nxd5 7. Bb5 Bd7 8. d4 cxd4 9. cxd4 Be7 10. a3 Ne5 11. Bxd7+ Nxd7 12. Qd3 Rc8 13. Nbd2 Qc7 14. Ne4 Qc2 15. Rd1 h6 16. Nc5 Qxd3 17. Nxd3 0-0 18. Bd2 Rc2 19. Rac1 Rfc8 20. Rxc2 Rxc2 21. Rc1 Rxc1+ 22. Bxc1 Kf8 23. Kf1 Bd6 24. h4 Ke7 25. Nfe5 Bxe5 26. dxe5 Kd8 27. g4 Ne7 28. h5 Kc7 29. Ke2 Nc6 30. f4 Nd4+ 31. Kf2 Kc6 32. Be3 Kd5 33. b4 a6 34. Nc5 Nxc5 35. bxc5 Nc2 36. Kf3 Nxe3 37. Kxe3 Kxc5 38. g5 Kd5 39. f5 exf5 0-1

[Event "Biel ATO op 52nd"]
[Site "Biel"]
[Date "2019.07.22"]
[Round "1"]
[White "Lehmann, Daniel"]
[Black "Schneuwly, Achim"]
[Result "0-1"]
[WhiteElo "1685"]
[BlackElo "1984"]
[PlyCount "72"]
[EventDate "2019.07.20"]
[EventType "swiss"]
[EventRounds "9"]
[EventCountry "SUI"]
[SourceTitle "EXT 2020"]
[Source "ChessBase"]
[SourceDate "2019.10.17"]
[SourceVersion "1"]
[SourceVersionDate "2019.10.17"]
[SourceQuality "1"]

1. d4 c5 2. d5 e6 3. c4 exd5 4. cxd5 d6 5. Nc3 Ne7 6. e4 Ng6 7. f4 Be7 8. Nf3 Bf6 9. Bd3 0-0 10. 0-0 Re8 11. Bd2 a6 12. a4 b6 13. Qc2 Nd7 14. Rae1 Rb8 15. b3 Qc7 16. Kh1 c4 17. bxc4 Nc5 18. e5 dxe5 19. Bxg6 hxg6 20. fxe5 Bf5 21. Qa2 Bd8 22. Nd4 Bd3 23. Rf3 Rc8 24. Ree3 Bg5 25. Rxd3 Qxe5 26. Nde2 Nxd3 27. Bxg5 Qxc3 28. Bh4 Qxc4 29. Qd2 Qxh4 30. Rxd3 Qe4 31. Ng1 Rcd8 32. d6 Qe1 33. Qa2 Qe6 34. Qd2 Rd7 35. Nf3 Red8 36. Ng5 Qf6 0-1

[Event "SUI-ch HT"]
[Site "Bern"]
[Date "2014.09.27"]
[Round "1"]
[White "Schneuwly, Achim"]
[Black "Kappeler, Kaspar"]
[Result "0-1"]
[WhiteElo "2083"]
[BlackElo "2271"]
[PlyCount "64"]
[EventDate "2014.09.27"]
[EventType "swiss"]
[EventRounds "9"]
[EventCountry "SUI"]
[SourceTitle "EXT 2016"]
[Source "ChessBase"]
[SourceDate "2015.10.08"]
[SourceVersion "1"]
[SourceVersionDate "2015.10.08"]
[SourceQuality "1"]

1. d4 Nf6 2. Nf3 e6 3. Nbd2 c5 4. e3 b6 5. Bd3 Bb7 6. 0-0 Be7 7. b3 0-0 8. Bb2 d6 9. c4 Nbd7 10. Rc1 Qc7 11. Re1 Rfe8 12. e4 cxd4 13. Nxd4 Rac8 14. Bb1 Qb8 15. Rc3 a6 16. Rg3 Bf8 17. f4 e5 18. Nf5 Kh8 19. Rf1 b5 20. Kh1 Bc6 21. Ne3 bxc4 22. Nexc4 Re6 23. Rg5 exf4 24. Rxf4 d5 25. Rxf6 Nxf6 26. exd5 Bxd5 27. Bxf6 Bxc4 28. Rh5 Be2 29. Rxh7+ Kg8 30. Rh3 Ba3 31. Bh7+ Kf8 32. Bc2 gxf6 0-1

[Event "SUI-ch 111th"]
[Site "Leukerbad"]
[Date "2011.07.07"]
[Round "1"]
[White "Kurmann, Oliver"]
[Black "Schneuwly, Achim"]
[Result "1-0"]
[WhiteElo "2431"]
[BlackElo "2062"]
[PlyCount "91"]
[EventDate "2011.07.07"]
[EventType "swiss"]
[EventRounds "9"]
[EventCountry "SUI"]
[SourceTitle "CBM 143 Extra"]
[Source "ChessBase"]
[SourceDate "2011.08.29"]
[SourceVersion "1"]
[SourceVersionDate "2011.08.29"]
[SourceQuality "1"]

1. e4 c5 2. Nf3 Nc6 3. Nc3 Qc7 4. d4 cxd4 5. Nxd4 Nf6 6. Be3 a6 7. Qd2 b5 8. 0-0-0 Bb7 9. Nd5 Nxd5 10. exd5 Ne5 11. Nf5 d6 12. f4 Nd7 13. Bd4 Rg8 14. Bc3 g6 15. Ne3 Bg7 16. Bxg7 Rxg7 17. Kb1 Nb6 18. Be2 Rc8 19. Rhe1 Qc5 20. a3 Kf8 21. Ka2 Rg8 22. g4 Kg7 23. h4 Rc7 24. g5 Ra8 25. h5 a5 26. Qd4+ f6 27. hxg6 hxg6 28. gxf6+ exf6 29. Rg1 Qxd4 30. Rxd4 Re8 31. Rg3 Bxd5+ 32. Nxd5 Nxd5 33. Bxb5 Re3 34. Rg2 Rc5 35. Bd3 Ne7 36. Rxd6 Rc7 37. Bxg6 Nxg6 38. f5 Kf7 39. Rxg6 Rxc2 40. Rdxf6+ Ke7 41. Re6+ Rxe6 42. Rxe6+ Kf7 43. Re5 a4 44. Re4 Rf2 45. Rxa4 Rxf5 46. Re4 1-0

[Event "Lenk op 21st"]
[Site "Lenk"]
[Date "2009.04.11"]
[Round "4"]
[White "Schneuwly, Achim"]
[Black "Broennimann, Michael"]
[Result "0-1"]
[WhiteElo "2126"]
[BlackElo "2292"]
[PlyCount "80"]
[EventDate "2009.04.09"]
[EventType "swiss"]
[EventRounds "7"]
[EventCountry "SUI"]
[SourceTitle "CBM 130 Extra"]
[Source "ChessBase"]
[SourceDate "2009.07.02"]
[SourceVersion "2"]
[SourceVersionDate "2009.07.15"]
[SourceQuality "1"]

1. d4 Nf6 2. Nf3 e6 3. Nbd2 d5 4. e3 c5 5. Bd3 Nc6 6. c3 Bd6 7. 0-0 0-0 8. dxc5 Bxc5 9. e4 e5 10. exd5 Nxd5 11. Ne4 Be7 12. Bc4 Nb6 13. Bb3 h6 14. Be3 Qc7 15. Qe2 Kh7 16. Bc5 f5 17. Bxe7 Qxe7 18. Ned2 Be6 19. Bxe6 Qxe6 20. Nb3 Rae8 21. Rfe1 Qg6 22. Qb5 e4 23. Nfd4 Ne5 24. Nc5 Nbc4 25. Nd7 Nxd7 26. Qxc4 Ne5 27. Qe2 Nd3 28. Red1 Nf4 29. Qf1 Qg5 30. Kh1 Rf6 31. g3 Ng6 32. Ne2 f4 33. Rd4 f3 34. Nc1 Qh5 35. Nb3 e3 36. fxe3 f2 37. Qg2 Rxe3 38. Rf1 Re1 39. Rd1 Rxd1 40. Rxd1 Qxd1+ 0-1

[Event "Graz op"]
[Site "Graz"]
[Date "2002.??.??"]
[Round "1"]
[White "Genser, Harald"]
[Black "Schneuwly, Achim"]
[Result "1-0"]
[WhiteElo "2259"]
[BlackElo "2107"]
[PlyCount "35"]
[EventDate "2002.??.??"]
[EventType "swiss"]
[EventRounds "9"]
[EventCountry "AUT"]
[SourceTitle "EXT 2003"]
[Source "ChessBase"]
[SourceDate "2002.11.25"]
[SourceVersion "1"]
[SourceVersionDate "2002.11.25"]
[SourceQuality "1"]

1. d4 d6 2. e4 Nf6 3. Nc3 c6 4. f4 Qa5 5. Bd3 Bg4 6. Nf3 e6 7. h3 Bxf3 8. Qxf3 d5 9. e5 Nfd7 10. f5 c5 11. fxe6 fxe6 12. 0-0 Kd8 13. Bg5+ Kc8 14. Qf7 Nc6 15. Qxe6 cxd4 16. Bf5 Ncxe5 17. Qxe5 dxc3 18. Qe8+ 1-0

[Event "Graz op"]
[Site "Graz"]
[Date "2002.??.??"]
[Round "4"]
[White "Schneuwly, Achim"]
[Black "Loidl, Florian"]
[Result "1/2-1/2"]
[WhiteElo "2107"]
[BlackElo "2215"]
[PlyCount "94"]
[EventDate "2002.??.??"]
[EventType "swiss"]
[EventRounds "9"]
[EventCountry "AUT"]
[SourceTitle "EXT 2003"]
[Source "ChessBase"]
[SourceDate "2002.11.25"]
[SourceVersion "1"]
[SourceVersionDate "2002.11.25"]
[SourceQuality "1"]

1. d4 Nf6 2. Nf3 g6 3. c4 Bg7 4. Nc3 0-0 5. e3 d6 6. Be2 Nc6 7. d5 Nb4 8. a3 Na6 9. 0-0 c5 10. e4 Nc7 11. Bg5 h6 12. Bd2 e6 13. Qc2 exd5 14. cxd5 Re8 15. Rfe1 Bg4 16. h3 Bxf3 17. Bxf3 Nd7 18. Be2 Rb8 19. f4 b5 20. Bf3 a5 21. e5 dxe5 22. f5 Nf8 23. d6 Qxd6 24. Ne4 Qb6 25. Be3 Na6 26. Rac1 gxf5 27. Nxc5 Nxc5 28. Bxc5 Qf6 29. Bd5 Rbd8 30. Qb3 b4 31. axb4 axb4 32. Kh1 e4 33. Bxb4 Ne6 34. Rc6 Qe5 35. Bc4 Rd7 36. Bc3 Qg3 37. Rxe6 Rxe6 38. Bxe6 Bxc3 39. Bxf7+ Kg7 40. Qxc3+ Qxc3 41. bxc3 Kxf7 42. g4 Ke6 43. Rf1 fxg4 44. hxg4 Rc7 45. Rf5 Rxc3 46. Kg2 Rc2+ 47. Kg1 Rb2 1/2-1/2

[Event "Pizol op"]
[Site "Pizol"]
[Date "1998.??.??"]
[Round "9"]
[White "Schneuwly, Achim"]
[Black "Habibi, Ali"]
[Result "0-1"]
[WhiteElo "2140"]
[BlackElo "2335"]
[PlyCount "82"]
[EventDate "1998.04.??"]
[EventType "swiss"]
[EventRounds "9"]
[EventCountry "AUT"]
[SourceTitle "CBM 064 Extra"]
[Source "ChessBase"]
[SourceDate "1998.07.07"]
[SourceVersion "1"]
[SourceVersionDate "1998.07.07"]
[SourceQuality "1"]

1. e4 c5 2. Nc3 g6 3. f4 Bg7 4. Nf3 d6 5. Bc4 Nc6 6. 0-0 Nf6 7. Qe2 0-0 8. d3 Bg4 9. Be3 e6 10. h3 Nd4 11. Bxd4 cxd4 12. Nd1 Bxf3 13. Rxf3 d5 14. Bb3 a5 15. c4 dxc3 16. Nxc3 b5 17. a4 Qb6+ 18. Kh1 bxa4 19. Bxa4 Rfb8 20. f5 dxe4 21. dxe4 exf5 22. exf5 Qxb2 23. Qxb2 Rxb2 24. fxg6 fxg6 25. Bc6 Rc8 26. Nd5 Nxd5 27. Bxd5+ Kh8 28. Rfa3 Rb5 29. Be6 Ra8 30. R1a2 Bf8 31. Rd3 a4 32. Rf2 Bc5 33. Rf7 Rf8 34. Rc7 Rb1+ 35. Kh2 Bb6 36. Re7 Bg1+ 37. Kg3 Bf2+ 38. Kh2 Bh4 39. Ra7 Rff1 40. Ra8+ Kg7 41. Rd7+ Kh6 0-1

[Event "Pizol op"]
[Site "Pizol"]
[Date "1997.??.??"]
[Round "?"]
[White "Schneuwly, Achim"]
[Black "Siegmund, Rainer"]
[Result "1/2-1/2"]
[WhiteElo "2120"]
[BlackElo "2170"]
[PlyCount "142"]
[EventDate "1997.04.??"]
[EventType "swiss"]
[EventRounds "9"]
[EventCountry "AUT"]
[SourceTitle "EXT 1999"]
[Source "ChessBase"]
[SourceDate "1998.11.16"]
[SourceVersion "1"]
[SourceVersionDate "1998.11.16"]
[SourceQuality "1"]

1. d4 Nf6 2. Nf3 e6 3. Nbd2 d5 4. e3 c5 5. c3 Bd6 6. Bd3 0-0 7. 0-0 Nbd7 8. e4 cxd4 9. cxd4 dxe4 10. Nxe4 Be7 11. Qe2 Nxe4 12. Qxe4 Nf6 13. Qe2 b6 14. Bf4 Bb7 15. Rac1 Bd6 16. Ne5 Qe7 17. Bg5 Rfc8 18. f4 Qd8 19. Rce1 Bxe5 20. fxe5 Qxd4+ 21. Kh1 Ng4 22. Rf4 Qxe5 23. Rxg4 Qxe2 24. Rxe2 Bd5 25. a3 Rc5 26. Be3 Rc7 27. h3 f5 28. Rd4 g6 29. Bf4 Rc5 30. Bd6 Rc6 31. Be5 Rac8 32. Kh2 Kf7 33. Ba6 Rc2 34. Rdd2 Rxd2 35. Rxd2 Rc5 36. b4 Rc1 37. h4 Re1 38. Re2 Rc1 39. Bb8 Rc3 40. Bxa7 Rxa3 41. b5 Ra4 42. Bxb6 Rxh4+ 43. Kg1 Rb4 44. Bc5 Rb1+ 45. Kh2 Bc4 46. Rd2 Bxb5 47. Bb7 g5 48. Bd6 Bc4 49. Ba8 Ra1 50. Bb7 Ra7 51. Rb2 h5 52. Bc5 Ra1 53. Bc6 Ba6 54. Rb8 Rc1 55. Be8+ Kf6 56. Ba3 Rc8 57. Bb2+ Ke7 58. Rxc8 Bxc8 59. Bxh5 Kd6 60. Bf6 g4 61. Be8 Bb7 62. Ba4 Bd5 63. Bc2 Bc4 64. Kg3 Bd5 65. Kf2 Bc6 66. g3 Bd7 67. Bb3 e5 68. Bg5 f4 69. Bxf4 exf4 70. gxf4 Ke7 71. Kg3 Kf6 1/2-1/2

[Event "Pizol op"]
[Site "Pizol"]
[Date "1997.??.??"]
[Round "?"]
[White "Weindl, Alfred"]
[Black "Schneuwly, Achim"]
[Result "0-1"]
[WhiteElo "2335"]
[BlackElo "2120"]
[PlyCount "83"]
[EventDate "1997.04.??"]
[EventType "swiss"]
[EventRounds "9"]
[EventCountry "AUT"]
[SourceTitle "EXT 1999"]
[Source "ChessBase"]
[SourceDate "1998.11.16"]
[SourceVersion "1"]
[SourceVersionDate "1998.11.16"]
[SourceQuality "1"]

1. Nf3 d5 2. g3 Nf6 3. Bg2 e6 4. 0-0 Be7 5. d3 c5 6. Nbd2 0-0 7. e4 Nc6 8. Re1 b5 9. e5 Nd7 10. Nf1 a5 11. h4 b4 12. N1h2 Ba6 13. Bh3 c4 14. d4 a4 15. Be3 a3 16. bxa3 Bb5 17. Ng5 Rxa3 18. Qh5 Bxg5 19. hxg5 Ba4 20. Rac1 Qe8 21. Qh4 Ne7 22. Ng4 Ng6 23. Qh5 Rxa2 24. Kh2 Bxc2 25. Rh1 f5 26. exf6 gxf6 27. Kg1 Nf4 28. Qxe8 Nxh3+ 29. Rxh3 Rxe8 30. gxf6 Bg6 31. Bf4 b3 32. Nh6+ Kh8 33. f7 Rf8 34. Bd6 b2 35. Rf1 b1Q 36. Rxb1 Bxb1 37. g4 Bg6 38. Rf3 Ra1+ 39. Kh2 Kg7 40. g5 Rfa8 41. Be7 R1a3 42. Rf4 0-1

[Event "Bern op"]
[Site "Bern"]
[Date "1996.??.??"]
[Round "4"]
[White "Pelletier, Yannick"]
[Black "Schneuwly, Achim"]
[Result "1-0"]
[WhiteElo "2450"]
[BlackElo "2135"]
[PlyCount "55"]
[EventDate "1996.02.??"]
[EventType "swiss"]
[EventRounds "9"]
[EventCountry "SUI"]
[SourceTitle "CBM 051 Extra"]
[Source "ChessBase"]
[SourceDate "1996.05.01"]
[SourceVersion "1"]
[SourceVersionDate "1996.05.01"]
[SourceQuality "1"]

1. d4 d5 2. c4 e6 3. Nc3 c6 4. Nf3 Nf6 5. Bg5 h6 6. Bxf6 Qxf6 7. e3 Nd7 8. Bd3 dxc4 9. Bxc4 Bb4 10. 0-0 0-0 11. Ne4 Qe7 12. a3 Bd6 13. Qc2 e5 14. Rad1 Bc7 15. d5 cxd5 16. Bxd5 Nb6 17. Nc3 Kh8 18. e4 Bb8 19. h3 Be6 20. Rfe1 Re8 21. Qb3 Bxd5 22. Nxd5 Nxd5 23. Rxd5 Bd6 24. Red1 Rad8 25. Qa4 Bc5 26. Rxe5 Rxd1+ 27. Qxd1 Rd8 28. Qc2 1-0

[Event "Bern op"]
[Site "Bern"]
[Date "1996.??.??"]
[Round "9"]
[White "Polak, Tomas"]
[Black "Schneuwly, Achim"]
[Result "1-0"]
[WhiteElo "2440"]
[BlackElo "2135"]
[PlyCount "50"]
[EventDate "1996.02.??"]
[EventType "swiss"]
[EventRounds "9"]
[EventCountry "SUI"]
[SourceTitle "CBM 051 Extra"]
[Source "ChessBase"]
[SourceDate "1996.05.01"]
[SourceVersion "1"]
[SourceVersionDate "1996.05.01"]
[SourceQuality "1"]

1. e4 c5 2. c3 e6 3. Nf3 d5 4. exd5 Qxd5 5. d4 Nf6 6. Be3 cxd4 7. cxd4 Bd7 8. a3 Ne4 9. Qc2 Na6 10. Bc4 Qa5+ 11. Nbd2 Nxd2 12. Nxd2 Nb4 13. Qb3 Bc6 14. 0-0 Nd5 15. Qd3 Nf6 16. f4 Bd6 17. f5 exf5 18. Bg5 0-0-0 19. Qxf5+ Qxf5 20. Rxf5 Ng4 21. Bxd8 Bxh2+ 22. Kh1 Rxd8 23. Rxf7 Rxd4 24. Be6+ Kd8 25. Nf3 Nh6 1-0

[Event "Bern op"]
[Site "Bern"]
[Date "1996.??.??"]
[Round "2"]
[White "Schian, Thomas"]
[Black "Schneuwly, Achim"]
[Result "0-1"]
[WhiteElo "2320"]
[BlackElo "2135"]
[PlyCount "50"]
[EventDate "1996.02.??"]
[EventType "swiss"]
[EventRounds "9"]
[EventCountry "SUI"]
[SourceTitle "CBM 051 Extra"]
[Source "ChessBase"]
[SourceDate "1996.05.01"]
[SourceVersion "1"]
[SourceVersionDate "1996.05.01"]
[SourceQuality "1"]

1. c4 c6 2. e4 d6 3. d4 e5 4. Nf3 Nd7 5. Nc3 Ngf6 6. g3 Be7 7. Bg2 Qc7 8. 0-0 Nf8 9. h3 Ng6 10. Be3 h5 11. Qd2 h4 12. g4 Be6 13. d5 Bxg4 14. hxg4 h3 15. Bh1 Qd7 16. Nh2 Nxg4 17. Bf3 Nxh2 18. Kxh2 Nh4 19. Qe2 g6 20. Bg4 f5 21. Bxh3 0-0-0 22. Rh1 g5 23. exf5 g4 24. Qxg4 Rdg8 25. f6 Nf3+ 0-1

[Event "Bern op"]
[Site "Bern"]
[Date "1996.??.??"]
[Round "5"]
[White "Schneuwly, Achim"]
[Black "Belaz, Christian"]
[Result "1/2-1/2"]
[WhiteElo "2135"]
[BlackElo "2095"]
[PlyCount "53"]
[EventDate "1996.02.??"]
[EventType "swiss"]
[EventRounds "9"]
[EventCountry "SUI"]
[SourceTitle "CBM 051 Extra"]
[Source "ChessBase"]
[SourceDate "1996.05.01"]
[SourceVersion "1"]
[SourceVersionDate "1996.05.01"]
[SourceQuality "1"]

1. d4 Nf6 2. Nf3 g6 3. Nbd2 d5 4. c4 c6 5. b4 a5 6. Ba3 e6 7. Qb3 Bxb4 8. Bxb4 axb4 9. Qxb4 Qa5 10. Qxa5 Rxa5 11. a4 b5 12. cxb5 cxb5 13. e3 bxa4 14. Nb3 Ra7 15. Nc5 a3 16. Bb5+ Bd7 17. Nxd7 Nfxd7 18. 0-0 Ke7 19. Rfc1 Ra8 20. Be2 Na6 21. Rc3 a2 22. Bxa6 Rxa6 23. Rc2 Rb8 24. Nd2 Rba8 25. Nb3 Rb6 26. Nd2 Rba6 27. Nb3 1/2-1/2